[Event "LYM - Open Général"]
[Site "Lausanne - Hôtel Alpha Palmier"]
[Date "2003.09.20"]
[Round "1"]
[White "Paladini, Jean-Michel"]
[Black "Aronian, Levon"]
[Result "0-1"]
[WhiteElo "2186"]
[BlackElo "2649"]
[PlyCount "48"]
[EventDate "2003.??.??"]

1. c4 Nf6 2. Nc3 e6 3. e4 d5 4. e5 Ne4 5. Qc2 Nc6 6. Nxe4 Nb4 7. Qb1 dxe4 8. a3
Nd3+ 9. Bxd3 exd3 10. Nf3 b6 11. O-O Bb7 12. Ne1 Be4 13. b4 h5 14. a4 h4 15.
Ba3 Qd4 16. c5 Qxe5 17. cxb6 Bd6 18. f4 Qd4+ 19. Kh1 h3 20. Qb2 hxg2+ 21. Nxg2
Bxg2+ 22. Kxg2 Qe4+ 23. Kg1 Bxf4 24. Rf2 Be5 0-1

[Event "LYM - Open Général"]
[Site "Lausanne - Hôtel Alpha Palmier"]
[Date "2003.09.20"]
[Round "1"]
[White "Milov, Vladim"]
[Black "Duratti, Lindo"]
[Result "1-0"]
[WhiteElo "2595"]
[BlackElo "2173"]
[PlyCount "87"]
[EventDate "2003.??.??"]

1. d4 Nf6 2. c4 c5 3. d5 e6 4. Nc3 exd5 5. cxd5 d6 6. e4 g6 7. f4 Bg7 8. Bb5+
Nfd7 9. Nf3 O-O 10. O-O a6 11. Bd3 b5 12. Kh1 Re8 13. a3 c4 14. Bc2 Nc5 15. e5
Bg4 16. h3 Bxf3 17. Qxf3 Nbd7 18. e6 fxe6 19. dxe6 Nxe6 20. Be3 Kh8 21. Rad1
Qe7 22. f5 Ng5 23. Bxg5 Qxg5 24. Rxd6 Ne5 25. Qd1 gxf5 26. Rxf5 Qg3 27. Ne4 Qe3
28. Ng5 Nd3 29. Bxd3 cxd3 30. Rxd3 Qe1+ 31. Qxe1 Rxe1+ 32. Kh2 Bxb2 33. Nf7+
Kg7 34. Rg3+ Kf8 35. Ne5+ Ke7 36. Nd3 Re2 37. Rh5 Bxa3 38. Nf4 Ra2 39. Rh6 Bb2
40. Rxh7+ Kd6 41. Rd3+ Ke5 42. Rh4 Ra4 43. Rf3 Kd6 44. Rh6+ 1-0

[Event "LYM - Open Général"]
[Site "Lausanne - Hôtel Alpha Palmier"]
[Date "2003.09.20"]
[Round "1"]
[White "Gaulé, Patrick"]
[Black "Borovikov, Vladislav"]
[Result "0-1"]
[WhiteElo "2172"]
[BlackElo "2590"]
[PlyCount "32"]
[EventDate "2003.??.??"]

1. d4 d5 2. c4 c6 3. Nf3 Nf6 4. e3 e6 5. Bd3 dxc4 6. Bxc4 Nbd7 7. O-O Bd6 8.
Qe2 O-O 9. e4 e5 10. dxe5 Nxe5 11. Nxe5 Bxe5 12. Nc3 Re8 13. Bd3 Qd6 14. f4
Bxc3 15. bxc3 Bf5 16. Re1 Bxe4 0-1

[Event "LYM - Open Général"]
[Site "Lausanne - Hôtel Alpha Palmier"]
[Date "2003.09.20"]
[Round "1"]
[White "Palac, Mladen"]
[Black "Perruchoud, Benoît"]
[Result "1-0"]
[WhiteElo "2561"]
[BlackElo "2172"]
[PlyCount "49"]
[EventDate "2003.??.??"]

1. e4 e6 2. d4 d5 3. Nd2 Nf6 4. e5 Nfd7 5. c3 c5 6. Bd3 Nc6 7. Ne2 cxd4 8. cxd4
f6 9. exf6 Qxf6 10. Nf3 Bb4+ 11. Bd2 Bxd2+ 12. Qxd2 O-O 13. O-O e5 14. Nxe5
Ncxe5 15. dxe5 Nxe5 16. Nd4 Bg4 17. f3 Bh5 18. Rad1 Bg6 19. Bxg6 Qxg6 20. Rfe1
Nxf3+ 21. Nxf3 Rxf3 22. Qxd5+ Rf7 23. Re7 Qb6+ 24. Kh1 Raf8 25. Rf1 1-0

[Event "LYM - Open Général"]
[Site "Lausanne - Hôtel Alpha Palmier"]
[Date "2003.09.20"]
[Round "1"]
[White "Laub, Patrick"]
[Black "Savchenko, Stanislav"]
[Result "0-1"]
[WhiteElo "2161"]
[BlackElo "2560"]
[PlyCount "52"]
[EventDate "2003.??.??"]

1. e4 c5 2. b4 cxb4 3. d4 d5 4. e5 Nc6 5. a3 Qb6 6. Ne2 Bf5 7. axb4 Nxb4 8. Na3
Rc8 9. Nf4 Nxc2+ 10. Nxc2 Bxc2 11. Qg4 e6 12. Nxd5 Qb3 13. Qf3 Qxf3 14. gxf3
exd5 15. Bb5+ Kd8 16. Rxa7 Kc7 17. Bd2 Kb6 18. Ra5 Ne7 19. Be2 Nc6 20. Rxd5 Ba3
21. O-O Rhd8 22. Rb5+ Kc7 23. Ba5+ Nxa5 24. Rxa5 Bb4 25. Ra2 Bf5 26. Rd1 Bc3
0-1

[Event "LYM - Open Général"]
[Site "Lausanne - Hôtel Alpha Palmier"]
[Date "2003.09.20"]
[Round "1"]
[White "Kveinys, Aloyzas"]
[Black "Benz, Rolf"]
[Result "1-0"]
[WhiteElo "2525"]
[BlackElo "2153"]
[PlyCount "65"]
[EventDate "2003.??.??"]

1. e4 e6 2. d4 d5 3. Nd2 c5 4. Ngf3 Nc6 5. exd5 exd5 6. Bb5 Bd6 7. dxc5 Bxc5 8.
Nb3 Bd6 9. Qd4 Nf6 10. O-O O-O 11. Bxc6 bxc6 12. Bf4 Ne4 13. Bxd6 Qxd6 14. Rad1
Qf6 15. Qxf6 gxf6 16. Nfd4 c5 17. Nc6 c4 18. Nbd4 Re8 19. Rfe1 Bd7 20. f3 Bxc6
21. Nxc6 Nc5 22. Ne7+ Kf8 23. Nxd5 Rxe1+ 24. Rxe1 Rd8 25. Rd1 Na6 26. Ne3 Rxd1+
27. Nxd1 Nb4 28. c3 Nxa2 29. Kf2 Nc1 30. Ke3 Nd3 31. Kd4 Ne1 32. Ne3 Nd3 33.
Nxc4 1-0

[Event "LYM - Open Général"]
[Site "Lausanne - Hôtel Alpha Palmier"]
[Date "2003.09.20"]
[Round "1"]
[White "Sadeghi, Hassan"]
[Black "Kritz, Leonid"]
[Result "0-1"]
[WhiteElo "2150"]
[BlackElo "2522"]
[PlyCount "102"]
[EventDate "2003.??.??"]

1. e4 c5 2. Nf3 d6 3. Be2 Nf6 4. d3 g6 5. O-O Bg7 6. c3 O-O 7. a4 Nc6 8. Na3
Re8 9. Bg5 h6 10. Be3 b6 11. Rb1 Bb7 12. h3 e5 13. Qc1 Kh7 14. Qc2 Rc8 15. Rfd1
d5 16. Nh2 Nd4 17. cxd4 cxd4 18. Qb3 dxe3 19. fxe3 Qe7 20. exd5 Nxd5 21. Nf1
Nb4 22. a5 Bd5 23. Qa4 Bc6 24. Qb3 bxa5 25. Nc4 a4 26. Qc3 Bb5 27. b3 a3 28.
Qd2 Red8 29. Qc1 a2 30. Ra1 Bxc4 31. bxc4 Nxd3 32. Bxd3 e4 33. Rxa2 exd3 34.
Ra3 Qe4 35. c5 Rd5 36. Qb1 Rcxc5 37. Raxd3 Rxd3 38. Qxd3 Qxd3 39. Rxd3 Be5 40.
Rd7 Rc7 41. Rd8 a5 42. Ra8 Bc3 43. Ng3 Bb4 44. Kf2 Kg7 45. Ne2 Rc2 46. Kf3 Ra2
47. Nc1 Ra3 48. Ke4 Bc5 49. Nd3 f5+ 50. Kd5 Rxd3+ 51. Kxc5 Rxe3 0-1

[Event "LYM - Open Général"]
[Site "Lausanne - Hôtel Alpha Palmier"]
[Date "2003.09.20"]
[Round "1"]
[White "Gallagher, Joseph"]
[Black "Bagri, Jas Paul"]
[Result "1-0"]
[WhiteElo "2520"]
[BlackElo "2145"]
[PlyCount "59"]
[EventDate "2003.??.??"]

1. e4 d6 2. d4 Nf6 3. Nc3 g6 4. Be3 c6 5. Qd2 Nbd7 6. Nf3 Qc7 7. a4 a5 8. Bc4
Bg7 9. Bb3 O-O 10. O-O b6 11. Rfe1 Ba6 12. h3 Rad8 13. Rad1 c5 14. Bg5 cxd4 15.
Nd5 Nxd5 16. exd5 Nf6 17. Nxd4 Rd7 18. c4 Re8 19. Rc1 Rdd8 20. Rc3 Rc8 21. Bd1
Bb7 22. Bf3 Rf8 23. Rcc1 Qd7 24. b3 Ba8 25. Rcd1 Rc7 26. Re2 Qc8 27. Rde1 Rd7
28. Qf4 Re8 29. Bxf6 Bxf6 30. Bg4 1-0

[Event "LYM - Open Général"]
[Site "Lausanne - Hôtel Alpha Palmier"]
[Date "2003.09.20"]
[Round "1"]
[White "Meylan, Pierre"]
[Black "Marcelin, Cyril"]
[Result "0-1"]
[WhiteElo "2140"]
[BlackElo "2503"]
[PlyCount "58"]
[EventDate "2003.??.??"]

1. e4 c5 2. Nf3 Nc6 3. d4 cxd4 4. Nxd4 Nf6 5. Nc3 d6 6. Be3 Ng4 7. Bb5 Nxe3 8.
fxe3 Bd7 9. Bxc6 bxc6 10. O-O e6 11. Qf3 Qf6 12. Qe2 Qg5 13. Qf3 Qg6 14. Rad1
Be7 15. e5 d5 16. Qe2 O-O 17. Rf3 Qg5 18. Qa6 c5 19. Rg3 Qxe5 20. Nf3 Qxe3+ 21.
Kh1 Qf4 22. Qb7 Qd6 23. Ne5 Qxe5 24. Qxd7 Bd6 25. Rf1 d4 26. Nb5 Rad8 27. Qxa7
Qe2 28. Rgf3 Qxb5 29. Rxf7 Qxf1+ 0-1

[Event "LYM - Open Général"]
[Site "Lausanne - Hôtel Alpha Palmier"]
[Date "2003.09.20"]
[Round "1"]
[White "Meijers, Viesturs"]
[Black "Du Bois, Yves"]
[Result "1-0"]
[WhiteElo "2483"]
[BlackElo "2136"]
[PlyCount "59"]
[EventDate "2003.??.??"]

1. e4 e6 2. d4 d5 3. exd5 exd5 4. Nf3 Bd6 5. c4 c6 6. Nc3 Ne7 7. Bd3 h6 8. c5
Bc7 9. O-O O-O 10. Nh4 Kh8 11. Bg5 f6 12. Bd2 Be6 13. Re1 Bf7 14. Qf3 Nd7 15.
Rxe7 Qxe7 16. Re1 Ne5 17. Qf5 g6 18. Qf4 g5 19. Qf5 Be6 20. Ng6+ Nxg6 21. Rxe6
Qg7 22. Qxg6 Qxg6 23. Bxg6 Bd8 24. Bh5 Rc8 25. Nd1 Rc7 26. Ne3 Re7 27. Rxe7
Bxe7 28. Nf5 Bd8 29. Nxh6 Bc7 30. Nf5 1-0

[Event "LYM - Open Général"]
[Site "Lausanne - Hôtel Alpha Palmier"]
[Date "2003.09.20"]
[Round "1"]
[White "Vianin, Pascal"]
[Black "Wells, Peter K"]
[Result "1/2-1/2"]
[WhiteElo "2120"]
[BlackElo "2481"]
[PlyCount "71"]
[EventDate "2003.??.??"]

1. e4 c5 2. Nf3 Nc6 3. Bb5 g6 4. O-O Bg7 5. Nc3 e5 6. Nd5 Nge7 7. c3 O-O 8. Re1
d6 9. d4 cxd4 10. Nxe7+ Qxe7 11. Bxc6 bxc6 12. cxd4 exd4 13. Nxd4 Bb7 14. Bf4
Rfe8 15. Qd2 Rad8 16. Rad1 f6 17. h3 Qf7 18. b3 a6 19. Qc2 c5 20. Nf3 Bf8 21.
Nd2 f5 22. exf5 gxf5 23. Qc3 Qg6 24. Nf3 Re4 25. Nh4 Qh5 26. Qg3+ Kf7 27. f3
Be7 28. fxe4 Bxh4 29. Qf3 Qxf3 30. gxf3 Bxe1 31. Rxe1 Ke6 32. Kf2 fxe4 33. fxe4
Rg8 34. Rd1 d5 35. exd5+ Bxd5 36. Re1+ 1/2-1/2

[Event "LYM - Open Général"]
[Site "Lausanne - Hôtel Alpha Palmier"]
[Date "2003.09.20"]
[Round "2"]
[White "Habibi, Ali"]
[Black "Kveinys, Aloyzas"]
[Result "0-1"]
[WhiteElo "2277"]
[BlackElo "2525"]
[PlyCount "80"]

1. c4 Nf6 2. g3 c6 3. d3 d5 4. Nd2 e5 5. e3 Bd6 6. Qc2 O-O 7. Bg2 Bf5 8. e4
dxe4 9. dxe4 Bg6 10. Ngf3 Na6 11. O-O Nc5 12. Nh4 a5 13. Nxg6 hxg6 14. Nb3 Ne6
15. c5 a4 16. cxd6 axb3 17. Qxb3 Nd4 18. Qd1 Qxd6 19. Be3 Rfd8 20. Bxd4 exd4
21. Re1 Nd7 22. Qd2 Ne5 23. b3 d3 24. h3 Qd4 25. Kh2 c5 26. f4 c4 27. fxe5 c3
28. Qf4 d2 29. Rf1 Rd7 30. e6 fxe6 31. Qg4 c2 32. Qxe6+ Kh7 33. Rf4 d1=Q 34.
Rh4+ Qh5 35. Rxh5+ gxh5 36. Rc1 Rc7 37. Qf5+ g6 38. Qf4 Rc3 39. g4 hxg4 40.
hxg4 Kg7 0-1

[Event "LYM - Open Général"]
[Site "Lausanne - Hôtel Alpha Palmier"]
[Date "2003.09.20"]
[Round "2"]
[White "Aronian, Levon"]
[Black "Mamedjarova, Zeinab"]
[Result "1-0"]
[WhiteElo "2649"]
[BlackElo "2372"]
[PlyCount "101"]

1. e4 e5 2. Nf3 Nc6 3. d4 exd4 4. Nxd4 Qf6 5. Nb5 Bc5 6. Qe2 Bb6 7. N1c3 Nge7
8. Nd5 Nxd5 9. exd5+ Ne7 10. d6 cxd6 11. Be3 Bxe3 12. Qxe3 O-O 13. O-O-O d5 14.
Bd3 d4 15. Qxd4 Qxd4 16. Nxd4 d5 17. Rhe1 Nc6 18. Nb5 Be6 19. Nd6 Rab8 20. Bf5
g6 21. Bxe6 fxe6 22. f3 Rf6 23. c4 d4 24. Ne4 Rf5 25. Nd6 Rf6 26. a3 e5 27. Ne4
Re6 28. Nc5 Re7 29. Nd3 Kf7 30. Re4 Rbe8 31. Rde1 Kf6 32. b4 g5 33. g3 Re6 34.
h4 h6 35. Kc2 Nd8 36. Kb2 Nf7 37. c5 b6 38. Ka2 bxc5 39. bxc5 Kf5 40. h5 Nd8
41. Nb4 Rg8 42. Nd5 g4 43. f4 Nc6 44. fxe5 Rd8 45. Rf4+ Kg5 46. Ref1 Kxh5 47.
Nf6+ Kg6 48. Rxg4+ Kf7 49. Nd5+ Ke8 50. Rg8+ Kd7 51. Rf7+ 1-0

[Event "LYM - Open Général"]
[Site "Lausanne - Hôtel Alpha Palmier"]
[Date "2003.09.20"]
[Round "2"]
[White "Huss, Andreas"]
[Black "Milov, Vladim"]
[Result "0-1"]
[WhiteElo "2331"]
[BlackElo "2595"]
[PlyCount "80"]

1. d4 Nf6 2. c4 e6 3. Nf3 d5 4. Nc3 Bb4 5. cxd5 exd5 6. Qa4+ Nc6 7. Bg5 h6 8.
Bxf6 Qxf6 9. e3 O-O 10. Rc1 Qg6 11. Qd1 Be6 12. a3 Bd6 13. Nb5 Rfc8 14. Nxd6
cxd6 15. h3 f5 16. g3 Na5 17. Rxc8+ Rxc8 18. Bg2 f4 19. exf4 Qe4+ 20. Kf1 Qc2
21. Qe1 Qc1 22. Kg1 Rc2 23. Kh2 Qxe1 24. Rxe1 Bf7 25. b4 Nc4 26. Re7 Rxf2 27.
f5 g5 28. fxg6 Bxg6 29. Kg1 Ra2 30. Nh4 Be4 31. Bxe4 dxe4 32. Rxe4 Rxa3 33. Nf5
Kf8 34. Re7 Rxg3+ 35. Kh2 Rg5 36. Rc7 Rxf5 37. Rxc4 Rb5 38. Kg3 Kf7 39. Kf4 Ke6
40. Ke3 d5 0-1

[Event "LYM - Open Général"]
[Site "Lausanne - Hôtel Alpha Palmier"]
[Date "2003.09.20"]
[Round "2"]
[White "Borovikov, Vladislav"]
[Black "Patuzzo, Fabrizio"]
[Result "1-0"]
[WhiteElo "2590"]
[BlackElo "2325"]
[PlyCount "67"]

1. Nf3 d5 2. d4 Nf6 3. c4 c6 4. Nc3 a6 5. a4 e6 6. Bg5 Be7 7. e3 a5 8. Be2 Na6
9. O-O O-O 10. Rc1 Nb4 11. Qb3 Bd7 12. Rfd1 h6 13. Bh4 Qb6 14. Ne5 Rfd8 15. Na2
c5 16. cxd5 exd5 17. dxc5 Bxc5 18. Bxf6 gxf6 19. Nxd7 Rxd7 20. Nxb4 Qxb4 21.
Qc2 Bf8 22. Rd4 Qd6 23. Qf5 Qe6 24. Qh5 f5 25. Bd3 Rd6 26. Bxf5 Qf6 27. g3 Bg7
28. Rc7 b6 29. Rf4 Qxb2 30. Qxf7+ Kh8 31. Rg4 Rg8 32. Rg6 Qe5 33. Rxd6 Qxd6 34.
Be6 1-0

[Event "LYM - Open Général"]
[Site "Lausanne - Hôtel Alpha Palmier"]
[Date "2003.09.20"]
[Round "2"]
[White "Savchenko, Stanislav"]
[Black "Ambrosini, Nicola"]
[Result "1-0"]
[WhiteElo "2560"]
[BlackElo "2259"]
[PlyCount "61"]

1. d4 g6 2. c4 Nf6 3. Nc3 Bg7 4. e4 d6 5. Nf3 O-O 6. Be2 e5 7. O-O Nc6 8. d5
Ne7 9. b4 Nh5 10. Re1 f5 11. Ng5 Nf4 12. Bxf4 exf4 13. Rc1 Bh6 14. h4 Kh8 15.
Bf3 Ng8 16. e5 dxe5 17. Rxe5 Qd6 18. Re8 Qxb4 19. Nb5 Qc5 20. Rxf8 Bxf8 21. Qd2
h6 22. Nh3 a6 23. Nd4 Bg7 24. Nb3 Qe7 25. Nxf4 Kh7 26. h5 g5 27. Re1 Qf7 28.
Ne6 g4 29. Bd1 Nf6 30. Nbd4 Ne4 31. Qf4 1-0

[Event "LYM - Open Général"]
[Site "Lausanne - Hôtel Alpha Palmier"]
[Date "2003.09.20"]
[Round "2"]
[White "Robert, Antonin"]
[Black "Ghallagher, Joseph"]
[Result "0-1"]
[WhiteElo "2259"]
[BlackElo "2520"]
[PlyCount "92"]

1. g3 g6 2. Bg2 Bg7 3. Nf3 d6 4. d4 Nf6 5. O-O O-O 6. c3 Nbd7 7. Nbd2 e5 8.
dxe5 dxe5 9. e4 b6 10. Qe2 Qe7 11. Rd1 a5 12. h3 Nc5 13. Ne1 Ba6 14. c4 a4 15.
Nf1 Qe6 16. Ne3 c6 17. Qc2 Bb7 18. Bd2 Rfe8 19. b4 axb3 20. axb3 Qc8 21. Bc3
Rxa1 22. Bxa1 Qc7 23. Bc3 Ne6 24. Qb2 Nd4 25. Nd3 c5 26. Nd5 Nxd5 27. cxd5 f5
28. f3 Rf8 29. Rf1 Ba6 30. Bxd4 exd4 31. Rd1 Qxg3 32. Qf2 Qd6 33. Qa2 Bxd3 34.
Rxd3 Bh6 35. b4 Be3+ 36. Kh1 fxe4 37. bxc5 bxc5 38. fxe4 Qg3 39. d6+ Kg7 40.
Rxe3 dxe3 41. Qb2+ Kh6 42. d7 Rf2 43. Qxf2 Qxf2 44. d8=Q e2 45. Qd2+ Kh5 46.
Qd5+ Kh4 0-1

[Event "LYM - Open Général"]
[Site "Lausanne - Hôtel Alpha Palmier"]
[Date "2003.09.20"]
[Round "2"]
[White "Kaenel, Hansjuerg"]
[Black "Palac, Mladen"]
[Result "0-1"]
[WhiteElo "2330"]
[BlackElo "2561"]
[PlyCount "130"]

1. Nf3 Nf6 2. e3 d5 3. c4 c5 4. cxd5 Nxd5 5. a3 Nc6 6. Qc2 e6 7. b3 Be7 8. Bb2
O-O 9. d3 Bd7 10. Be2 Rc8 11. O-O Bf6 12. Nbd2 b6 13. Nc4 Qe7 14. Nfe5 Nxe5 15.
Nxe5 Bb5 16. Rfd1 Rfd8 17. Rac1 Qc7 18. Nc4 e5 19. Qb1 Qe7 20. Qa1 Re8 21. Bf3
Rcd8 22. Re1 Qe6 23. Rcd1 Bc6 24. h3 Ba8 25. d4 e4 26. Bg4 Qe7 27. dxc5 Qxc5
28. Be2 Qe7 29. Bxf6 Nxf6 30. Rxd8 Rxd8 31. Rd1 Bd5 32. Qe5 Qxe5 33. Nxe5 Re8
34. Nc4 Kf8 35. Rd4 Ke7 36. Nd2 Rd8 37. Kf1 Be6 38. Rxd8 Kxd8 39. Ke1 Kc7 40.
Bc4 Kd6 41. Kd1 Bxc4 42. Nxc4+ Kd5 43. Kc2 Nd7 44. Kc3 f5 45. a4 Nc5 46. Nb2 g5
47. b4 Nd7 48. Nc4 h5 49. Na3 f4 50. Nb5 f3 51. g3 Ne5 52. Nc7+ Kd6 53. Nb5+
Kd5 54. Nc7+ Kc6 55. Kd4 g4 56. hxg4 Nxg4 57. Nd5 Nxf2 58. Nf6 Kd6 59. b5 Ke7
60. Nd5+ Ke6 61. Nf4+ Kf5 62. Nxh5 Ng4 63. Ng7+ Kg6 64. Ne6 f2 65. Nf4+ Kf5 0-1

[Event "LYM - Open Général"]
[Site "Lausanne - Hôtel Alpha Palmier"]
[Date "2003.09.20"]
[Round "2"]
[White "Marcelin, Cyril"]
[Black "Idrizaj, Abedin"]
[Result "1-0"]
[WhiteElo "2503"]
[BlackElo "2242"]
[PlyCount "89"]

1. e4 c5 2. Nf3 Nc6 3. Bb5 e6 4. Bxc6 bxc6 5. d3 d5 6. Qe2 Nf6 7. c4 Be7 8. O-O
O-O 9. Nc3 Qc7 10. Bg5 Bb7 11. Rac1 Rfe8 12. Na4 Nd7 13. Bxe7 Rxe7 14. b3 d4
15. e5 Rae8 16. Rce1 f5 17. Qb2 Rb8 18. Qa3 Qa5 19. Nxd4 g5 20. Nc2 Rg7 21. d4
Qd2 22. Qc1 Qa5 23. dxc5 Ba6 24. Nd4 Re8 25. Nxc6 Qc7 26. Nb4 Bc8 27. Qc3 a5
28. Nc2 Bb7 29. Nd4 Nxc5 30. Nxc5 Qxc5 31. Nb5 Qc6 32. f3 g4 33. Kh1 Ba8 34.
Nd6 Rf8 35. Re2 Kh8 36. f4 g3 37. h3 Qd7 38. a3 Qe7 39. b4 Qh4 40. Kg1 Rg6 41.
c5 Qd8 42. b5 Bd5 43. c6 Rg7 44. Qc5 Qh4 45. c7 1-0

[Event "LYM - Open Général"]
[Site "Lausanne - Hôtel Alpha Palmier"]
[Date "2003.09.20"]
[Round "2"]
[White "Jacot, Laurent"]
[Black "Ekstroem, Roland"]
[Result "1/2-1/2"]
[WhiteElo "2216"]
[BlackElo "2457"]
[PlyCount "166"]

1. e4 g6 2. d4 Bg7 3. Nc3 d6 4. Nf3 Nf6 5. Be2 O-O 6. O-O c5 7. dxc5 dxc5 8.
Qxd8 Rxd8 9. Be3 b6 10. Rad1 Nc6 11. h3 Bb7 12. a3 Nd7 13. Rd2 Nde5 14. Rfd1
Rxd2 15. Rxd2 Nxf3+ 16. Bxf3 Rd8 17. Bd1 Rxd2 18. Bxd2 Na5 19. Be2 Bxc3 20.
Bxc3 Bxe4 21. Bxa5 bxa5 22. c3 e5 23. f3 Bd5 24. Kf2 f5 25. Ke3 f4+ 26. Kf2 g5
27. Bd3 h6 28. Bf1 Kf7 29. Bd3 Kf6 30. Bc2 Be6 31. Bd3 h5 32. Be2 Bf5 33. Bd1
Ke6 34. Bb3+ Kd6 35. Bf7 h4 36. Bb3 Bd3 37. Bf7 e4 38. fxe4 Ke5 39. Bd5 Bxe4
40. Bc4 Bf5 41. Bb3 g4 42. hxg4 Bxg4 43. Bc2 Bh5 44. Ba4 Bf7 45. Bc2 Bd5 46.
Bd1 Bc6 47. Be2 Ba4 48. Bf3 Kf5 49. Kg1 Ke5 50. Kf2 Bd7 51. Bd1 Bc6 52. Be2 Bd7
53. Bd1 Bf5 54. Bf3 Be6 55. Bd1 Kf5 56. Bc2+ Kg5 57. Bd1 Bg4 58. Ba4 Bh5 59.
Bc6 Kf5 60. Bb7 Ke5 61. Bc6 Bf7 62. Bf3 Be6 63. Bd1 h3 64. gxh3 Bxh3 65. Ba4
Bg4 66. Bb3 Bf5 67. Bd1 Bd3 68. Bf3 Bc2 69. Bc6 Be4 70. Ba4 Kd5 71. Bb3+ Kc6
72. Ba4+ Kb6 73. Be8 Bd5 74. Ba4 Kc7 75. Be8 Kd6 76. Ba4 Ke5 77. Bd1 Ba2 78.
Bf3 Bb1 79. Bc6 Bf5 80. Bf3 Be6 81. Bd1 Bc4 82. Bf3 Bd3 83. Bc6 Be4 1/2-1/2

[Event "LYM - Open Général"]
[Site "Lausanne - Hôtel Alpha Palmier"]
[Date "2003.09.20"]
[Round "2"]
[White "Pähtz, Thomas"]
[Black "Vuillemier, Alexandre"]
[Result "1/2-1/2"]
[WhiteElo "2441"]
[BlackElo "2215"]
[PlyCount "72"]

1. e4 c5 2. Nf3 d6 3. d4 cxd4 4. Nxd4 Nf6 5. Nc3 Nc6 6. f3 e5 7. Nb3 Be7 8. Be3
O-O 9. Qd2 a5 10. Bb5 Na7 11. Bd3 Nc6 12. a3 Be6 13. Nd5 Nxd5 14. exd5 Bxd5 15.
Bxh7+ Kxh7 16. Qxd5 Bh4+ 17. g3 Bg5 18. Bf2 a4 19. Nd2 Bxd2+ 20. Qxd2 Qa5 21.
O-O-O Rfd8 22. Qxa5 Nxa5 23. Rd5 Nc4 24. Rhd1 Rdc8 25. Rb5 Rc7 26. Rb4 f5 27.
Rd5 Rac8 28. c3 e4 29. f4 e3 30. Be1 Rc5 31. Rxc5 dxc5 32. Rxa4 b5 33. Ra7 Rd8
34. b3 Nd2 35. Bxd2 Rxd2 36. Re7 Rd3 1/2-1/2

[Event "LYM - Open Général"]
[Site "Lausanne - Hôtel Alpha Palmier"]
[Date "2003.09.20"]
[Round "2"]
[White "Ballmann, Martin"]
[Black "Jagstaidt, Patrick"]
[Result "1-0"]
[WhiteElo "2422"]
[BlackElo "2067"]
[PlyCount "57"]

1. d4 g6 2. Nf3 Bg7 3. c3 f5 4. g3 b6 5. Bg2 Bb7 6. Qb3 e6 7. Bg5 Nf6 8. Nbd2
Qe7 9. O-O O-O 10. Rfe1 h6 11. Bxf6 Qxf6 12. e4 Kh7 13. e5 Qe7 14. Ng5+ Qxg5
15. Bxb7 Qxd2 16. f4 Nc6 17. Bxc6 dxc6 18. Rad1 Qxe1+ 19. Rxe1 Rfe8 20. Qc4 c5
21. dxc5 Rad8 22. Qe2 Bf8 23. cxb6 Bc5+ 24. Kf1 Bxb6 25. Rd1 a5 26. Rd3 Kg7 27.
Qd1 c6 28. Rd7+ Kg8 29. Qd6 1-0

[Event "LYM - Open Général"]
[Site "Lausanne - Hôtel Alpha Palmier"]
[Date "2003.09.20"]
[Round "3"]
[White "Gallagher, Joseph"]
[Black "Aronian, Levon"]
[Result "1/2-1/2"]
[WhiteElo "2520"]
[BlackElo "2649"]
[PlyCount "42"]

1. e4 e5 2. Nf3 Nc6 3. Nc3 Nf6 4. Bb5 Nd4 5. Ba4 Bc5 6. O-O O-O 7. d3 d6 8. h3
Ne8 9. Nxd4 Bxd4 10. Qh5 f5 11. Ne2 Bb6 12. Bg5 Nf6 13. Bb3+ Kh8 14. Qh4 Qe8
15. exf5 Bxf5 16. Kh1 h6 17. Be3 Nh7 18. Ng3 Bd7 19. Rae1 Qd8 20. Qxd8 Raxd8
21. Ne2 Bxe3 1/2-1/2

[Event "LYM - Open Général"]
[Site "Lausanne - Hôtel Alpha Palmier"]
[Date "2003.09.20"]
[Round "3"]
[White "Palac, Mladen"]
[Black "Marcelin, Cyril"]
[Result "1/2-1/2"]
[WhiteElo "2561"]
[BlackElo "2503"]
[PlyCount "65"]

1. e4 e5 2. Nf3 Nc6 3. Bb5 Nf6 4. d3 Bc5 5. O-O Nd4 6. Nxd4 Bxd4 7. c3 Bb6 8.
d4 O-O 9. dxe5 Nxe4 10. Bd3 d5 11. exd6 Nxd6 12. Qc2 Qh4 13. c4 Qh5 14. Nc3 Bf5
15. Nd5 Bxd3 16. Qxd3 Rad8 17. Bf4 Kh8 18. Rad1 Nf5 19. Qa3 Nd4 20. Nxb6 Ne2+
21. Kh1 Nxf4 22. Nd5 Rfe8 23. Qb3 Nxd5 24. cxd5 b6 25. Qa4 a5 26. Rfe1 Re2 27.
Qb5 Rxe1+ 28. Rxe1 h6 29. Qc6 Rxd5 30. Qxc7 Qe2 31. Qc8+ Kh7 32. Qf5+ Rxf5 33.
Rxe2 1/2-1/2

[Event "LYM - Open Général"]
[Site "Lausanne - Hôtel Alpha Palmier"]
[Date "2003.09.20"]
[Round "3"]
[White "Rainfray, Arnaud"]
[Black "Savchenko, Stanislav"]
[Result "1/2-1/2"]
[WhiteElo "2409"]
[BlackElo "2560"]
[PlyCount "34"]

1. e4 c5 2. Nf3 e6 3. c3 Nf6 4. e5 Nd5 5. d4 cxd4 6. cxd4 d6 7. Bc4 Nb6 8. Bd3
Nc6 9. O-O Nb4 10. Bb5+ Bd7 11. Nc3 Bxb5 12. Nxb5 dxe5 13. Nxe5 Be7 14. Qf3 O-O
15. Qxb7 N6d5 16. Nc3 Qc8 17. Qxc8 Rfxc8 1/2-1/2

[Event "LYM - Open Général"]
[Site "Lausanne - Hôtel Alpha Palmier"]
[Date "2003.09.20"]
[Round "3"]
[White "Kveinys, Aloyzas"]
[Black "Ballmann, Martin"]
[Result "1/2-1/2"]
[WhiteElo "2525"]
[BlackElo "2422"]
[PlyCount "97"]

1. e4 c5 2. Nf3 d6 3. d4 cxd4 4. Nxd4 Nf6 5. Nc3 g6 6. h3 Bg7 7. Bc4 O-O 8. O-O
a6 9. Re1 b5 10. Bb3 Bb7 11. Bg5 Nbd7 12. Nd5 e6 13. Nxf6+ Nxf6 14. Qd3 h6 15.
Bh4 Qb6 16. c3 Rfe8 17. a3 Nd7 18. Qe3 Ne5 19. Rad1 Qc7 20. Bg3 Rad8 21. a4 Qc5
22. axb5 axb5 23. Nc2 Qc7 24. Rd2 Kh7 25. Red1 h5 26. Nb4 Nc4 27. Bxc4 Qxc4 28.
f3 d5 29. Qb6 Ba8 30. Qa7 Kg8 31. Bf2 Bf6 32. Kh1 Re7 33. Qe3 Ree8 34. Qf4 Kg7
35. Bh4 Bxh4 36. Qxh4 e5 37. Nxd5 Bxd5 38. Rxd5 Rxd5 39. Rxd5 Qe2 40. b4 Ra8
41. Qg5 Ra1+ 42. Kh2 Qe1 43. Qxe5+ Kh7 44. Qf6 Qg1+ 45. Kg3 Qe1+ 46. Kh2 Qg1+
47. Kg3 Qe1+ 48. Kf4 Qc1+ 49. Kg3 1/2-1/2

[Event "LYM - Open Général"]
[Site "Lausanne - Hôtel Alpha Palmier"]
[Date "2003.09.20"]
[Round "3"]
[White "Ekstroem, Roland"]
[Black "Lamoureux, Charles"]
[Result "0-1"]
[WhiteElo "2457"]
[BlackElo "2388"]
[PlyCount "70"]

1. e4 e6 2. d4 d5 3. e5 c5 4. c3 Qb6 5. Nf3 Bd7 6. a3 a5 7. Bd3 a4 8. O-O Bb5
9. Bxb5+ Qxb5 10. Ng5 h6 11. Qh5 g6 12. Qh3 Nc6 13. Nf3 Na5 14. Nbd2 b6 15. Qg4
Ne7 16. dxc5 bxc5 17. c4 Qc6 18. cxd5 Nxd5 19. Ne4 Nb3 20. Rb1 Be7 21. h4 Kf8
22. Bf4 Rd8 23. Rfd1 Kg7 24. h5 Rhg8 25. hxg6 fxg6 26. Bxh6+ Kxh6 27. Nfg5 Kg7
28. Qh3 Rh8 29. Nxe6+ Kg8 30. Nxd8 Bxd8 31. Qd3 Nd4 32. Nxc5 Nf4 33. Qc4+ Kg7
34. f3 Bb6 35. Rxd4 Qxc5 0-1

[Event "LYM - Open Général"]
[Site "Lausanne - Hôtel Alpha Palmier"]
[Date "2003.09.20"]
[Round "3"]
[White "Maître, Fabien"]
[Black "Wells, Peter K."]
[Result "0-1"]
[WhiteElo "1908"]
[BlackElo "2481"]
[PlyCount "58"]

1. d4 Nf6 2. Nf3 d5 3. g3 c6 4. Bg2 Bg4 5. O-O Nbd7 6. c3 e6 7. Bg5 Bd6 8. Nbd2
h6 9. Bxf6 Nxf6 10. Ne5 Bxe5 11. dxe5 Nd7 12. f4 Qb6+ 13. Kh1 Qxb2 14. Rb1 Qxc3
15. Rxb7 Nc5 16. Rc7 Qa5 17. Rxc6 Qb5 18. Rxc5 Qxc5 19. Qa4+ Kf8 20. e4 d4 21.
Nb3 Qb6 22. Nxd4 Rd8 23. Nc6 Rd2 24. Qa3+ Kg8 25. Ne7+ Kh7 26. f5 Be2 27. Rg1
Rhd8 28. Qb3 Qf2 29. Nc6 Rd1 0-1